| 000 | nkm a22 a 4500 | ||
|---|---|---|---|
| 999 |
_c389037 _d389037 |
||
| 003 | BLK | ||
| 005 | 20201007041007.0 | ||
| 008 | 200925b bu ||||| |||| 00| k|bu d | ||
| 040 | _aBLK | ||
| 041 |
_aRUS _cRUS |
||
| 080 |
_aКосмическа техника. Космонавтика _b629.78 _z629.78(092) |
||
| 080 |
_aСъветски космонавт _b929 Гагарин, Юрий Алексеевич _z929 Гагарин, Юрий Алексеевич |
||
| 100 |
_aГрачев, Алексей Владимирович _eпърви автор _91299 |
||
| 139 | _aГрачев, Алексей Владимирович | ||
| 245 |
_aГагарин _bЛитературно-фотографическая композиция : Фотоальбом _cАвт. лит.-фотогр. композиции Алексей Грачев. |
||
| 250 | _a2. изд. | ||
| 257 | _aSUN | ||
| 260 |
_9434166 _aМосква _bПланета _c1977 |
||
| 300 |
_a44 с. _bс фотогр. _c21 см |
||
| 380 | _a62 | ||
| 600 | 0 |
_9321567 _aГагарин, Юрий Алексеевич |
|
| 650 | 0 |
_9289617 _aКосмонавти, съветски |
|
| 653 | 0 |
_9401783 _aснимкови албуми |
|
| 852 |
_aЦб 301243 _bО |
||
| 942 |
_cGRA _n0 _s1 |
||
| 944 |
_aCR _c2020-09-28 _kКети |
||